| 000 | 00917nam a2200337 a 4500 | ||
|---|---|---|---|
| 003 | AR-BaBNM | ||
| 005 | 20251128205931.0 | ||
| 008 | 082120s2002 ||||||||||||||000 | spa|| | ||
| 020 | _a968-840-633-3 | ||
| 040 | _cAR-BaBNM | ||
| 100 | 1 | _aFoucault, Michel | |
| 245 | 0 | 0 |
_aEl poder _bcuatro conferencias |
| 250 | _a1ª ed. | ||
| 260 |
_aAzcapotzalco _bUniversidad Autónoma Metropolitana _c1989 |
||
| 300 | _a74 p. | ||
| 490 | 0 |
_aLibros del laberinto _vv. 15 |
|
| 650 | 4 | _aFILOSOFIA CONTEMPORANEA | |
| 650 | 4 | _aSOCIOLOGIA POLITICA | |
| 650 | 4 | _aFILOSOFIA POLITICA | |
| 650 | 4 | _aHISTORIA SOCIAL | |
| 650 | 4 | _aABUSO DE PODER | |
| 650 | 4 | _aPODER POLITICO | |
| 650 | 4 | _aHISTORIA CULTURAL | |
| 650 | 4 | _aDERECHOS CIVILES Y POLITICOS | |
| 650 | 4 | _aSISTEMAS POLITICOS | |
| 650 | 4 | _aTEORIA POLITICA | |
| 650 | 4 | _aFILOSOFOS | |
| 700 | 1 |
_aMarquet, Antonio _etraductor |
|
| 942 | _cBK | ||
| 998 | _cMARTIN | ||
| 999 |
_c13368 _d13368 |
||